GETS Theological Seminary Library

The many faces of faith: (Record no. 899)

MARC details
000 -LEADER
fixed length control field 00602nam a2200193Ia 4500
008 - FIXED-LENGTH DATA ELEMENTS--GENERAL INFORMATION
fixed length control field 200731s9999 xx 000 0 und d
020 ## - INTERNATIONAL STANDARD BOOK NUMBER
International Standard Book Number 080283910X
020 ## - INTERNATIONAL STANDARD BOOK NUMBER
International Standard Book Number 9780802839107 
041 ## - LANGUAGE CODE
Language code of text/sound track or separate title eng
050 ## - LIBRARY OF CONGRESS CALL NUMBER
Classification number BL80.2
Item number .L67 2001
100 ## - MAIN ENTRY--PERSONAL NAME
Personal name Losch, Richard R.
245 ## - TITLE STATEMENT
Title The many faces of faith:
Remainder of title a guide to world religions and Christian traditions /
Statement of responsibility, etc. Richard R. Losch
260 ## - PUBLICATION, DISTRIBUTION, ETC.
Place of publication, distribution, etc. Grand Rapids, Mich. :
Name of publisher, distributor, etc. William B. Eerdmans,
Date of publication, distribution, etc. 2001
300 ## - PHYSICAL DESCRIPTION
Extent viii, 192 p.
Other physical details ;
Dimensions 24 cm.
650 ## - SUBJECT ADDED ENTRY--TOPICAL TERM
Topical term or geographic name entry element Christian sects.
650 ## - SUBJECT ADDED ENTRY--TOPICAL TERM
Topical term or geographic name entry element Christianity and other religions.
650 ## - SUBJECT ADDED ENTRY--TOPICAL TERM
Topical term or geographic name entry element Religions.
Holdings
Withdrawn status Lost status Damaged status Not for loan Home library Current library Shelving location Date acquired Total Checkouts Full call number Barcode Date last seen Price effective from Koha item type
        GETS Theological Seminary Library GETS Theological Seminary Library General Stacks 07/12/2020   BL80.2 .L67 2001 00000853 07/12/2020 07/12/2020 English Books
OpacCredits

Contact the Librarian, GETS Library
Email: library@mygets.org









Implemented by GETS Library
(Powered by ETCA Professional Group)
GETS Theological Seminary
412 E. Rowland Street, CA 91723